Statistics for Foo Fighters "My Poor Brain" Lyrics

Click here to take the quiz!

General Stats

  • This quiz has been taken 2 times
  • The average score is 67 of 133

Answer Stats

Answer% Correct
a
100%
and
100%
are
100%
brain
100%
I
100%
in
100%
is
100%
me
100%
my
100%
My
100%
on
100%
poor
100%
the
100%
This
100%
We
100%
When
100%
you
100%
You
100%
Between
50%
feel
50%
go
50%
got
50%
head
50%
heart
50%
I'm
50%
it
50%
life
50%
our
50%
so
50%
that
50%
to
50%
want
50%
where
50%
your
50%
all
0%
apart
0%
blackout
0%
can't
0%
change
0%
could
0%
detonate
0%
Don't
0%
falling
0%
far
0%
from
0%
fuck
0%
getting
0%
guard
0%
handshake
0%
hard
0%
heads
0%
hide
0%
I've
0%
jam
0%
let
0%
like
0%
Lose
0%
Ok
0%
radar
0%
Real
0%
save
0%
Sometimes
0%
sonar
0%
stars
0%
start
0%
stuck
0%
That's
0%
waste
0%
wish
0%
You've
0%

Score Distribution

Percentile by Number Answered

Percent of People with Each Score

Your Score History

You have not taken this quiz